00649nam a22002297a 4500003000200000005001700002008000200019010001300021020002300034035003100057037001600088040001500104082001100119100001900130245010900149260002700258270005400285300002000339650002400359650001900383700001700402020190517154015.00 aB-098789 c195.00a8128801058 aB-098789, B-098796,B-98818 bCen Lib/Ret aDPLbENc0 aSbGUR aGurdial Singh. aEarthy tones :cby Gurdial Singh; translated by Rana Nayar ba selection of best punjabi short stories / aDelhi bFiction House  bDelhi a1 UB jawahar nagar, bunglow road e110007 a130p.c21cm(Hb) aPunjabi literature  aShort stories  aNayar, Rana